|
|
|
|
| LEADER |
01215cam a2200349 7i4500 |
| 001 |
0000015998 |
| 005 |
20200506090000.0 |
| 008 |
200506s1999 nyua ### #00001eng## |
| 010 |
# |
# |
|a 9846602
|
| 020 |
# |
# |
|a 9780071167666
|
| 020 |
# |
# |
|a 0071167668
|
| 020 |
# |
# |
|a 9780070602816
|
| 020 |
# |
# |
|a 0070602816
|
| 040 |
# |
# |
|a UMT
|
| 090 |
0 |
0 |
|a QA 276.2
|b .S6 1999
|
| 100 |
1 |
# |
|a Spiegel, Murray R.
|e author
|
| 245 |
1 |
0 |
|a Schaum's outline of theory and problems of statistics
|c Murray R. Spiegel, Larry J. Stephens.
|
| 250 |
# |
# |
|a 3rd ed.
|
| 264 |
# |
1 |
|a New York:
|b Schaum's outline Series,
|c 1999.
|
| 300 |
# |
# |
|a xvii, 538 pages:
|b some colour illustrations;
|c 28 cm.
|
| 336 |
# |
# |
|a text
|2 rdacontent
|
| 337 |
# |
# |
|a unmediated
|2 rdamedia
|
| 338 |
# |
# |
|a volume
|2 rdacarrier
|
| 490 |
1 |
# |
|a Schaum's Outline Series
|
| 500 |
# |
# |
|a Includes index
|
| 590 |
# |
# |
|a Perpustakaan Sultanah Nur Zahirah
|
| 650 |
0 |
0 |
|a Statistics --
|x Problems, exercises, etc.
|
| 700 |
1 |
# |
|a Stephen, Larry J.
|
| 830 |
# |
0 |
|a Schaum's Outline Series
|
| 999 |
|
|
|a 1100008970
|b Book
|c Bahan Pinjaman Jangka Panjang
|e KOLEKSI PERPUSTAKAAN
|
| 999 |
|
|
|a 2000131254
|b Book
|c Open Shelf
|e KOLEKSI TERBUKA
|
| 999 |
|
|
|a 1100063569
|b Book
|c Open Shelf
|e KOLEKSI PERPUSTAKAAN
|